00470nam a2200169Ia 4500003000900000008004100009020001800050040001600068080002200084245006000106260003500166300001700201650004100218650001100259650001200270700001800282IN-BaIIA211028s9999 xx 000 0 eng d a0-444-87096-2 cIIA Library a047.1:535bPRO-26 0aProgress in optics: vol. 26bvol. 26cedited by E. Wolf aAmsterdambNorth-Hollandc1988 axviii, 414p. aAstronomy and astrophysics Thesaurus aOptics aPhysics aWolf, E., ed.